000 00457nam a2200181Ia 4500
005 20250508151147.0
008 008 250505s9999 xx 000 0 hin d
037 _aTextual
040 _aFEDL
_beng
_cFEDL
041 _ahin
_2eng
084 _aFH, SAN
_qFEDL
100 _aSantram
245 0 _aSaral kahaniya
260 _aDelhi, India
_bAtma Ram and Sons
_c1952
300 _a57p.
942 _cTEXL
_hFH, SAN
999 _c1327974
_d1327974